<?xml version="1.0" encoding="UTF-8"?>
<collection xmlns="http://www.loc.gov/MARC21/slim">
 <record>
  <leader>00658pamaa2200181   4500</leader>
  <controlfield tag="001">0000020324</controlfield>
  <controlfield tag="005">20060525090000.0</controlfield>
  <datafield tag="020" ind1="0" ind2="0">
   <subfield code="a">0813517524 </subfield>
  </datafield>
  <datafield tag="082" ind1=" " ind2=" ">
   <subfield code="a">974.492 VOR 1991</subfield>
  </datafield>
  <datafield tag="090" ind1="0" ind2="0">
   <subfield code="a">F74.P96 </subfield>
   <subfield code="b">VOR 1991</subfield>
  </datafield>
  <datafield tag="100" ind1="1" ind2="0">
   <subfield code="a">VORSE </subfield>
  </datafield>
  <datafield tag="245" ind1="1" ind2="0">
   <subfield code="a">Time and the town : </subfield>
   <subfield code="b">a provincetown chronicle  </subfield>
   <subfield code="c">Mary Heaton Vorse ; edited by Adele Heller with the cooperation of Jill O'Brien, foreword by Daniel Aaron.</subfield>
  </datafield>
  <datafield tag="260" ind1="0" ind2="0">
   <subfield code="a">New Jersey: </subfield>
   <subfield code="b">Rutgers University Press, </subfield>
   <subfield code="c">1991.</subfield>
  </datafield>
  <datafield tag="300" ind1=" " ind2=" ">
   <subfield code="a">vii, 372p.; </subfield>
   <subfield code="c">22cm.</subfield>
  </datafield>
  <datafield tag="651" ind1="0" ind2="0">
   <subfield code="a">Provincetown (Mass.) -- </subfield>
   <subfield code="x">Description </subfield>
  </datafield>
  <datafield tag="651" ind1="0" ind2="0">
   <subfield code="a">Provincetown (Mass.) -- </subfield>
   <subfield code="x">Social life and customs </subfield>
  </datafield>
  <datafield tag="700" ind1="1" ind2="1">
   <subfield code="a">Heller, </subfield>
   <subfield code="h">Adele </subfield>
  </datafield>
  <datafield tag="700" ind1="1" ind2="1">
   <subfield code="a">O'Brien, </subfield>
   <subfield code="h">Jill </subfield>
  </datafield>
 </record>
</collection>
